| 000 | 00882nam a2200253Ia 4500 | ||
|---|---|---|---|
| 003 | OSt | ||
| 005 | 20221005111250.0 | ||
| 006 | a|||||r|||| 00| 0 | ||
| 007 | ta | ||
| 008 | 221004b |||||||| |||| 00| 0 hin d | ||
| 020 |
_a9789350001424 (hbk) _c250 |
||
| 024 | _a105812 | ||
| 037 |
_b1464, 17/03/2011, Kiran Book Service _cTextual |
||
| 040 |
_aCRL _cCRL _bhin |
||
| 041 |
_2hin _ahin |
||
| 082 | _aO152,1NNA:g, P9 | ||
| 100 | _aविजय बहादुर सिंह | ||
| 245 | 0 | _aनागार्जुन संवाद | |
| 246 | _aNāgārjun sanvāda | ||
| 260 |
_aनई दिल्ली _bवाणी प्रकाशन भारत _c2009 |
||
| 300 |
_a166पृ0 _ccm. |
||
| 942 |
_hO152,1NNA:g, P9 _cTEXL _2cc |
||
| 999 |
_c1021307 _d1021307 |
||